000 00443nam a2200133Ia 4500
008 231129s2006||||xx |||||||||||||| ||spa||
020 _a1-59782-018-0
040 _bspa
082 _a324 P769p
245 0 _aLa polí­tica importa : democracia y desarrollo en América Latina
260 _c2006
264 _aWashington Estados Unidos de América : Banco Interamericano de Desarrollo
942 _2ddc
_cBKS
999 _c17969
_d17969